00516nam a2200169Ia 4500003000900000008004100009040001600050080001600066100002200082245013000104260003300234300001000267650001000277650001900287650002200306700001800328IN-BaIIA211028s9999 xx 000 0 eng d cIIA Library a517.94bGRE aGrebenikov, E. A. 0aConstructive Methods in the Analysis of Nonlinear Systems, Tr from Russian by Ram s WadhwacE. A. Grebenikov And YU A. Ryabov aMoscowbMIR Publishersc1983 a328p. aChaos aNASA Thesaurus aNonlinear Systems aRyabov, YU A.